| 000 | 01501nam a2200349 c 4500 | ||
|---|---|---|---|
| 999 |
_c57849 _d57849 |
||
| 003 | BLK | ||
| 005 | 20221209090002.0 | ||
| 008 | 180408b bul|||||r ||||||| ||bul|| | ||
| 010 | _aKNG00061862000 | ||
| 040 | _aBLK | ||
| 041 |
_aBUL _cBUL |
||
| 080 |
_aСпециална библиография _b016 _x:949.72.01 _z016:949.72.01 |
||
| 080 |
_aПървобитнообщинен строй - палеолит, мезолит, неолит, бронзова епоха, ранна желязна епоха. Вж и 902(497.2) _b94(497.2)"-12" _x(01) _z94(497.2)"-12"(01) |
||
| 100 | 1 |
_aЧолов, Петър Иванов _eпърви автор _9255755 |
|
| 139 |
_aЧолов, Петър _bЧ 90 |
||
| 245 | 1 | 0 |
_aПрабългари _bБиблиогр. указател _cПетър Иванов Чолов; с предг. от Веселин Бешевлиев. |
| 257 | _aBGR | ||
| 260 |
_aСофия _bНар. библ. Св. св. Кирил и Методий _c1981 |
||
| 300 |
_a203 с. _c20 см |
||
| 380 | _a0 | ||
| 500 | _aИменни показалци | ||
| 650 | 4 |
_aПрабългари - библиографии _9287910 |
|
| 653 | _aистория | ||
| 653 | _aпрабългари | ||
| 653 | _aбиблиографски указатели | ||
| 700 | 1 |
_aБешевлиев, Веселин _eс предг. от _9369611 |
|
| 852 | _aЦб 108115 | ||
| 856 | 4 |
_qpdf _i0.00 _ldisable |
|
| 856 | 4 |
_qpdf _i0.00 _ldisable |
|
| 942 |
_cKNG _n0 _s1 |
||
| 944 |
_aCR _c13.06.2004 _kНаталия_Медовщикова |
||
| 944 |
_aED _c16.12.2014 |
||
| 944 |
_aED _c2022-12-09 _kХристина Везирева |
||
| 999 | _d57849 | ||